000 01225nam0a2200337 4500
001 RU\NLR\bibl\1867916
005 20260405200906.0
010 _a978-5-699-54551-3
_94000
021 _aRU
_b2012-3953
_99д/12
035 _a(NLR Aleph) 001857777
090 _a2489573
_c2489573
100 _a20120210d2012 |||y0rusy50 ca
101 0 _arus
102 _aRU
105 _aa |||||||||
200 1 _aЭлектрика в квартире и доме своими руками
_fСтепанов С.И.
210 _aМосква
_cЭксмо
_d2012
215 _a188, [3] с., [8] л. цв. ил.
_cил.
_d24
225 1 _aРемонт от А до Я
320 _aАлф. указ.: с. 190-191
606 1 _aБытовые электроприборы
_92144158
_3RU\NLR\auth\661291982
606 1 _aЖилые дома
_xЭлектропроводка
_92236275
_3RU\NLR\auth\661342054
686 _aЗ293-5
686 _aЗ279.272
700 1 _4070
_8rus
_7ca
_aСтепанов
_bС. И.
_cпопуляризатор
_gСергей Иванович
_3RU\NLR\auth\7788478
_971406
801 0 _aRU
_bNLR
_c20120210
_gRCR
801 1 _aRU
_bNLR
_c20120210
942 _cBOOK
980 _aNB
980 _aNBR